[Event "HUN-chT2 Maroczy 1213"]
[Site "Hungary"]
[Date "2012.12.02"]
[Round "5"]
[White "Guivan, Laszlo"]
[Black "Nemeth, Zoltan"]
[Result "0-1"]
[WhiteElo "2100"]
[BlackElo "2333"]
[PlyCount "90"]
[EventDate "2012.09.16"]
[EventType "team-tourn"]
[EventRounds "11"]
[EventCountry "HUN"]
[SourceTitle "EXT 2014"]
[Source "ChessBase"]
[SourceDate "2013.11.20"]
[SourceVersion "1"]
[SourceVersionDate "2013.11.20"]
[SourceQuality "1"]
[WhiteTeam "Kisvarda"]
[BlackTeam "Sarkany"]
[WhiteTeamCountry "HUN"]
[BlackTeamCountry "HUN"]

1. e4 e5 2. d4 exd4 3. Qxd4 Nc6 4. Qe3 g6 5. Bd2 Bg7 6. Bc3 Nf6 7. Na3 0-0 8. f3 d5 9. 0-0-0 Qe7 10. Bb5 dxe4 11. Bxc6 bxc6 12. Re1 Re8 13. Qg5 e3 14. Qa5 Nd5 15. Bxg7 Kxg7 16. h4 Qb4 17. Qxb4 Nxb4 18. Ne2 Nxa2+ 19. Kb1 Nb4 20. Nd4 Bd7 21. Nb3 f5 22. g3 Re7 23. Nc5 Rae8 24. Rh2 Bc8 25. c3 Nd5 26. f4 Nf6 27. Nc4 Ng4 28. Rhe2 Be6 29. Ne5 Nxe5 30. fxe5 Bd5 31. Rxe3 Be4+ 32. Nxe4 Rxe5 33. Kc2 fxe4 34. Ra1 a5 35. Ra4 Kf6 36. Kd2 Kf5 37. c4 Kg4 38. Kc3 Rd8 39. Ra3 Rd1 40. Kc2 Rg1 41. Rac3 Rf1 42. Re2 Rf3 43. Rce3 Kxg3 44. Rxe4 Rxe4 45. Rxe4 Rf4 0-1